| 000 | 00683nam a22002537a 4500 | ||
|---|---|---|---|
| 001 | 24664 | ||
| 003 | UA-OsUOA | ||
| 005 | 20220206115637.0 | ||
| 007 | ta | ||
| 008 | 20040301b un ||||| |||| 00| 0 ukr d | ||
| 020 | _a5-8291-0242-0 | ||
| 040 |
_aUA-OsUOA _brus _cUA-OsUOA _dUA-OsUOA |
||
| 041 | _arus | ||
| 044 | _aRU | ||
| 080 | _a316.25 | ||
| 090 |
_a316.25 _bП18 |
||
| 100 | _aПарсонс Т. | ||
| 245 |
_aО социальных системах _cред. В. Ф. Чеснокова, С. А. Белановский |
||
| 260 |
_aМосква _bАкадемический Проект _c2002 |
||
| 300 | _a832 с. | ||
| 650 | 7 | _2UDC | |
| 942 |
_cBK _2udc |
||
| 955 | _a0 | ||
| 999 |
_c310944 _d310944 |
||